Facets of crime in India

Saved in:  
Bibliographic Details
Main Author: Venugopal Rao, Surath (Author)
Format: Print Book
Language:English
Published: Bombay [u.a.] Allied Publ. Private 1967
In:Year: 1967
Edition:2. rev. ed.
Availability in Tübingen:Present in Tübingen.
UB: KB 9 A 467
Check availability: HBZ Gateway
Subito Delivery Service: Order now.

MARC

LEADER 00000cam a22000002c 4500
001 1093208260
003 DE-627
005 20240429190439.0
007 tu
008 910208s1967 xx ||||| 00| ||eng c
035 |a (DE-627)1093208260 
035 |a (DE-576)023208260 
035 |a (DE-599)BSZ023208260 
035 |a (OCoLC)311634372 
040 |a DE-627  |b ger  |c DE-627  |e rakwb 
041 |a eng 
084 |a 6,24  |2 ssgn 
100 1 |a Venugopal Rao, Surath  |0 (DE-627)1234807254  |0 (DE-576)16480725X  |4 aut 
109 |a Venugopal Rao, Surath  |a Venugopal-Rao, Surath  |a Rao, Surath V. 
245 1 0 |a Facets of crime in India  |c S. Venugopal Rao 
250 |a 2. rev. ed. 
264 1 |a Bombay [u.a.]  |b Allied Publ. Private  |c 1967 
300 |a X, 275 S. 
336 |a Text  |b txt  |2 rdacontent 
337 |a ohne Hilfsmittel zu benutzen  |b n  |2 rdamedia 
338 |a Band  |b nc  |2 rdacarrier 
583 1 |a Archivierung prüfen  |c 20200919  |f DE-640  |z 2  |2 pdager 
583 1 |a Archivierung/Langzeitarchivierung gewährleistet  |f SSG  |x XA-DE-BW  |2 pdager  |5 DE-21 
951 |a BO 
ELC |b 1 
LOK |0 000 xxxxxcx a22 zn 4500 
LOK |0 001 2159185973 
LOK |0 003 DE-627 
LOK |0 004 1093208260 
LOK |0 005 20020606000000 
LOK |0 008 910208||||||||||||||||ger||||||| 
LOK |0 040   |a DE-21  |c DE-627  |d DE-21 
LOK |0 852   |a DE-21 
LOK |0 852 1  |c KB 9 A 467  |9 00 
LOK |0 935   |a krim 
LOK |0 936ln  |a k6.1.3 
LOK |0 939   |a 08-02-91  |b l01 
ORI |a SA-MARC-krimdoka001.raw 
SIG |a UB: KB 9 A 467